<?xml version="1.0" encoding="UTF-8"?>
<record
    xmlns:xsi="http://www.w3.org/2001/XMLSchema-instance"
    xsi:schemaLocation="http://www.loc.gov/MARC21/slim http://www.loc.gov/standards/marcxml/schema/MARC21slim.xsd"
    xmlns="http://www.loc.gov/MARC21/slim">

  <leader>02890cam a22003614i 4500</leader>
  <datafield tag="999" ind1=" " ind2=" ">
    <subfield code="c">9330</subfield>
    <subfield code="d">9330</subfield>
  </datafield>
  <controlfield tag="001">49386034</controlfield>
  <controlfield tag="003">OCoLC</controlfield>
  <controlfield tag="005">20241126110710.0</controlfield>
  <controlfield tag="008">020311s2002    kyu      b    001 0 eng  </controlfield>
  <datafield tag="010" ind1=" " ind2=" ">
    <subfield code="a">2002016869</subfield>
  </datafield>
  <datafield tag="020" ind1=" " ind2=" ">
    <subfield code="a">0664222315</subfield>
    <subfield code="q">(alk. paper)</subfield>
  </datafield>
  <datafield tag="020" ind1=" " ind2=" ">
    <subfield code="a">9780664222314</subfield>
    <subfield code="q">(alk. paper)</subfield>
  </datafield>
  <datafield tag="035" ind1=" " ind2=" ">
    <subfield code="a">tcgc291705</subfield>
  </datafield>
  <datafield tag="035" ind1=" " ind2=" ">
    <subfield code="a">(OCoLC)49386034</subfield>
  </datafield>
  <datafield tag="040" ind1=" " ind2=" ">
    <subfield code="a">DLC</subfield>
    <subfield code="b">eng</subfield>
    <subfield code="e">rda</subfield>
    <subfield code="c">DLC</subfield>
    <subfield code="d">IXT</subfield>
    <subfield code="d">C#P</subfield>
    <subfield code="d">LTS</subfield>
  </datafield>
  <datafield tag="042" ind1=" " ind2=" ">
    <subfield code="a">pcc</subfield>
  </datafield>
  <datafield tag="050" ind1="0" ind2="0">
    <subfield code="a">BS1192.5</subfield>
    <subfield code="b">.B785 2002</subfield>
  </datafield>
  <datafield tag="082" ind1="0" ind2="0">
    <subfield code="a">230.0411</subfield>
    <subfield code="2">21</subfield>
    <subfield code="b">BRU</subfield>
  </datafield>
  <datafield tag="100" ind1="1" ind2=" ">
    <subfield code="a">Brueggemann, Walter.</subfield>
    <subfield code="0">https://id.loc.gov/authorities/names/n50042932</subfield>
    <subfield code="9">1793</subfield>
  </datafield>
  <datafield tag="245" ind1="1" ind2="0">
    <subfield code="a">Reverberations of faith :</subfield>
    <subfield code="b">a theological handbook of Old Testament themes /</subfield>
    <subfield code="c">Walter Brueggemann.</subfield>
  </datafield>
  <datafield tag="250" ind1=" " ind2=" ">
    <subfield code="a">First edition.</subfield>
  </datafield>
  <datafield tag="264" ind1=" " ind2="1">
    <subfield code="a">Louisville, Ky. :</subfield>
    <subfield code="b">Westminster John Knox Press,</subfield>
    <subfield code="c">[2002]</subfield>
  </datafield>
  <datafield tag="264" ind1=" " ind2="4">
    <subfield code="c">&#x2117;&#x266D;2002</subfield>
  </datafield>
  <datafield tag="300" ind1=" " ind2=" ">
    <subfield code="a">xii, 256 pages ;</subfield>
    <subfield code="c">23 cm</subfield>
  </datafield>
  <datafield tag="336" ind1=" " ind2=" ">
    <subfield code="a">text</subfield>
    <subfield code="b">txt</subfield>
    <subfield code="2">rdacontent</subfield>
  </datafield>
  <datafield tag="337" ind1=" " ind2=" ">
    <subfield code="a">unmediated</subfield>
    <subfield code="b">n</subfield>
    <subfield code="2">rdamedia</subfield>
  </datafield>
  <datafield tag="338" ind1=" " ind2=" ">
    <subfield code="a">volume</subfield>
    <subfield code="b">nc</subfield>
    <subfield code="2">rdacarrier</subfield>
  </datafield>
  <datafield tag="504" ind1=" " ind2=" ">
    <subfield code="a">Includes bibliographical references and indexes.</subfield>
  </datafield>
  <datafield tag="505" ind1="0" ind2=" ">
    <subfield code="a">The ancestors -- Angel -- Apocalyptic thought -- The ark -- Asherah -- Assyria -- Atonement -- Baal -- Babylon -- Blessing -- Book of the covenant -- Canaanites -- Canon -- Chaos -- The chronicler -- Circumcision -- Community -- Covenant -- Creation -- David -- The day of the Lord -- Death -- The Decalogue -- Deuteronomic theology -- Divine council -- Education -- Egypt -- Election -- Elijah -- Ethics -- Exile -- Exodus -- Ezra -- Faith -- The fall -- Fertility religion -- Festivals -- Forgiveness -- Glory -- Hannah -- Herem -- High place -- History -- Holiness -- Hope -- Huldah -- The hymn -- Image of God -- Jerusalem -- Jezebel -- Jubilee -- Kingship -- The lament -- Land -- Listening -- Love -- Messiah -- Miracle -- Miriam -- Money -- Monotheism -- Moses -- Neighbor -- Persia -- Plague -- Prayer -- Priestly tradition -- Priests -- Promise -- Prophets -- Purim -- Redemption -- Reform of Hezekiah -- Reform of Josiah -- Remnant -- Repentance -- Resurrection -- Retribution -- Righteousness -- Sabbath -- Sacrifice -- Salvation -- Samaritans -- Satan -- Scribes -- Sexuality -- Sin -- Sojourner -- Spirit -- Suffering -- Suffering servant -- Temple -- Thanksgiving -- Theodicy -- Theophany -- Torah -- Tradition -- Vengeance -- Violence -- War -- Widow -- Wilderness -- Wisdom -- Worship -- YHWH.</subfield>
  </datafield>
  <datafield tag="520" ind1=" " ind2=" ">
    <subfield code="a">Explores more than 100 Old Testament themes. Each entry states the consensus reading, identifies what is at issue in the interpretive question, and discusses the practical significance of the issue for the church today, in part by suggesting contemporary connections to the ancient texts.--</subfield>
    <subfield code="c">From publisher's description.</subfield>
  </datafield>
  <datafield tag="630" ind1="0" ind2="0">
    <subfield code="a">Bible.</subfield>
    <subfield code="p">Old Testament</subfield>
    <subfield code="0">https://id.loc.gov/authorities/names/n79054379</subfield>
    <subfield code="x">Theology.</subfield>
    <subfield code="0">https://id.loc.gov/authorities/subjects/sh2001008984</subfield>
    <subfield code="9">2493</subfield>
  </datafield>
  <datafield tag="942" ind1=" " ind2=" ">
    <subfield code="2">ddc</subfield>
    <subfield code="c">BK</subfield>
    <subfield code="0">3</subfield>
  </datafield>
  <datafield tag="952" ind1=" " ind2=" ">
    <subfield code="0">0</subfield>
    <subfield code="1">0</subfield>
    <subfield code="2">ddc</subfield>
    <subfield code="4">0</subfield>
    <subfield code="7">0</subfield>
    <subfield code="a">GBC</subfield>
    <subfield code="b">GBC</subfield>
    <subfield code="c">TH</subfield>
    <subfield code="d">2022-10-10</subfield>
    <subfield code="l">5</subfield>
    <subfield code="m">1</subfield>
    <subfield code="o">230.0411 BRU</subfield>
    <subfield code="p">015780</subfield>
    <subfield code="r">2025-05-01 00:00:00</subfield>
    <subfield code="s">2025-02-06</subfield>
    <subfield code="t">c.1</subfield>
    <subfield code="w">2022-10-10</subfield>
    <subfield code="y">BK</subfield>
  </datafield>
</record>
